000 00298nam a22001337a 4500
008 171019b xxu||||| |||| 00| 0 eng d
020 _a9780195063585
041 _aeng
080 _a338
100 _a54
101 _aMEN
245 _aTHE CORPORATION OF TH 1190
_cSCOT.M.S
942 _2udc
_cBK
999 _c35007
_d35007